000 00507nam a2200181Ia 4500
999 _c13982
_d13982
003 OSt
005 20201027131218.0
008 190216s9999||||xx |||||||||||||| ||und||
020 _a9780140168785
040 _coclc
082 _a823.914
_bBAR/E
100 _aBarker, Pat
_95582
245 4 _aThe Eye In The Door /
_cPat Barker
260 _bPenguin Books ,
_c1993.
_aNew Delhi:
300 _a280p
650 _aEnglish Stories
942 _cBK
_2ddc
_h823.914
_iBAR/E
_k823.914
_mBAR/E